Estatutos /
Descripción Física:
39 p. ; 21 cm
Idioma:
Español
MARC
| LEADER | 00000nam a2200000Ia 4500 | ||
|---|---|---|---|
| 001 | 12279 | ||
| 003 | Arxiu | ||
| 005 | 20260324175241.0 | ||
| 008 | 160829s1977 spc xx spa c | ||
| 040 | |a AGDB | ||
| 080 | |a FU-13-47 | ||
| 110 | 2 | |9 53090 |a Caixa de Catalunya |e entitat autora | |
| 245 | 1 | 0 | |a Estatutos / |c Caja de Ahorros de Cataluña |
| 260 | |a Barcelona : |b [l'Entitat], |c 1977 | ||
| 300 | |a 39 p. ; |c 21 cm | ||
| 610 | 2 | 0 | |9 53090 |a Caixa de Catalunya |
| 610 | 2 | 0 | |a Caixa de Catalunya |v Estatuts |9 56035 |
| 901 | |a Arxiu | ||
| 942 | |n 1 |2 udc |c ARXIU | ||
| 952 | |0 0 |1 0 |4 0 |6 FU1347 |7 1 |9 42554 |a Arxiu |b Arxiu |d 2016-12-01 |l 0 |o FU-13-47 |p 12279 |r 2016-12-01 00:00:00 |w 2016-12-01 |y ARXIU | ||
| 999 | |c 45059 |d 45059 | ||